|
|
|
|
| LEADER |
01042nam a2200349 4500 |
| 001 |
DLU090067544 |
| 005 |
##20090420 |
| 040 |
# |
# |
|a DLU
|b eng
|
| 041 |
# |
# |
|a eng
|
| 044 |
# |
# |
|a UK
|
| 245 |
# |
# |
|a Recent origins of sperm genes in Drosophila /
|c Steve Dorus, Zoe N. Freeman, Elizabeth R. Parker, Benjamin D. Heath, Timothy L. Karr.
|
| 653 |
# |
# |
|a Gene duplication
|
| 653 |
# |
# |
|a Protamines
|
| 653 |
# |
# |
|a Proteomics
|
| 653 |
# |
# |
|a Retrotransposition
|
| 653 |
# |
# |
|a Sperm
|
| 653 |
# |
# |
|a Testis
|
| 700 |
# |
# |
|a Dorus, Steve.
|
| 700 |
# |
# |
|a Freeman, Zoe N.
|
| 700 |
# |
# |
|a Heath, Benjamin D.
|
| 700 |
# |
# |
|a Karr, Timothy L.
|
| 700 |
# |
# |
|a Parker, Elizabeth R.
|
| 773 |
# |
# |
|t Molecular Biology and Evolution
|g Vol. 25, no. 10 (October 2008), p. 2157-2166
|
| 920 |
# |
# |
|a Phòng Tạp chí -- Trung tâm Thông tin - Thư viện Trường Đại học Đà Lạt
|
| 994 |
# |
# |
|a DLU
|
| 900 |
# |
# |
|a True
|
| 911 |
# |
# |
|a Trương Bảo Trâm Anh
|
| 925 |
# |
# |
|a G
|
| 926 |
# |
# |
|a A
|
| 927 |
# |
# |
|a BB
|
| 980 |
# |
# |
|a Thư viện Trường Đại học Đà Lạt
|